00524nam a2200193Ia 4500003000400000005001700004008004100021020002200062040000700084041000800091082001900099100001700118245010000135260004000235300001600275365001700291440000600308650001600314OSt20230408112435.0210423s2017 xx 000 0 und d a978-81-309-3171-5 cAL aeng a510 223bTABH aTABAK (John) aHistory of mathematics: numbers Rev Ed Vol 5bComputers philosophers and the search for meaning aNew DelhibViva Books Pvt Ltdc2017 axix,243bHB b1499.16cINR v5 aMathematics